Optimizing the Number of Stops within the Logistic Routes Using the Mathematical Model

Možnosti využitia matematických modelov v marketingu, konkrétne na optimalizáciu počtu zastávok na distribučných trasách. Návrh prídavných trás a počtu zastávok na každej trase, dĺžky distribučnej cesty a vzdialenosti medzi zastávkami na trase.

Enregistré dans:
Détails bibliographiques
Auteur principal: Mruškovičová, Juliana
Autres auteurs: Daňo, Ferdinand, 1959-
Format: Chapitre de livre
Langue:anglais
Sujets:
Tags: Ajouter un tag
Pas de tags, Soyez le premier à ajouter un tag!

MARC

LEADER 00000naa a2200000 4500
001 0236216
005 20240502083630.0
041 0 |a eng 
044 |a CZ 
245 1 0 |a Optimizing the Number of Stops within the Logistic Routes Using the Mathematical Model  |c Juliana Mruškovičová, Ferdinand Daňo 
520 |a Možnosti využitia matematických modelov v marketingu, konkrétne na optimalizáciu počtu zastávok na distribučných trasách. Návrh prídavných trás a počtu zastávok na každej trase, dĺžky distribučnej cesty a vzdialenosti medzi zastávkami na trase. 
610 2 0 |a modely ekonomicko-matematické 
610 2 0 |a distribúcia 
610 2 0 |a stratégia logistická 
610 2 0 |a stratégia marketingová 
100 1 |a Mruškovičová, Juliana 
700 1 |a Daňo, Ferdinand, 1959-